[Event "Portugal tch 2012 - Fase final"]
[Site "Matosinhos POR"]
[Date "2012.06.25"]
[Round "5.2"]
[White "Pereira, Ricardo"]
[Black "Andrade, José Manuel"]
[Result "0-1"]
[WhiteElo "1946"]
[BlackElo "2244"]
[PlyCount "44"]
[EventDate "2012.07.21"]
[EventType "team"]
[EventRounds "9"]
[EventCountry "POR"]
[Source "lmi"]
[SourceDate "2012.07.21"]

1. Nf3 Nf6 2. d4 e6 3. c4 b6 4. g3 Ba6 5. Qc2 c6 6. Bg2 d5 7. b3 Bb4+ 8. Bd2
Be7 9. O-O O-O 10. Rd1 Nbd7 11. Bf4 Rc8 12. Nbd2 c5 13. e3 b5 14. dxc5 Bxc5 15.
Bf1 Be7 16. e4 Qb6 17. Be3 Bc5 18. Bxc5 Qxc5 19. exd5 exd5 20. Rac1 Nb6 21. Bh3
Rc7 22. Qf5 Bc8 0-1

[Event "Portugal tch 2012 - Fase final"]
[Site "Matosinhos POR"]
[Date "2012.06.25"]
[Round "5.2"]
[White "Guerreiro, Nuno"]
[Black "Parreira, André"]
[Result "1/2-1/2"]
[WhiteElo "2057"]
[BlackElo "1786"]
[PlyCount "110"]
[EventDate "2012.07.21"]
[EventType "team"]
[EventRounds "9"]
[EventCountry "POR"]
[Source "lmi"]
[SourceDate "2012.07.21"]

1. Nf3 c5 2. e4 Nc6 3. Bb5 Nd4 4. Nxd4 cxd4 5. O-O g6 6. a4 Bg7 7. Qf3 Qc7 8.
Na3 e6 9. Re1 Ne7 10. b3 O-O 11. Bb2 f5 12. Qg3 f4 13. Qf3 a6 14. Bf1 Nc6 15.
Rec1 Ne5 16. Qd1 f3 17. g3 Qc5 18. Nc4 Nxc4 19. bxc4 Qc7 20. c3 e5 21. cxd4
exd4 22. a5 h5 23. Ra3 d6 24. Rxf3 Bg4 25. Rxf8+ Rxf8 26. Be2 Bxe2 27. Qxe2 d3
28. Qxd3 Bxb2 29. Rb1 Qg7 30. Kg2 Qd4 31. Qe2 Rf7 32. Qe3 Qxe3 33. fxe3 Ba3 34.
d4 Kf8 35. Rb6 Kg7 36. Rb1 g5 37. h3 Kf8 38. g4 h4 39. Rb6 Ke8 40. Rb1 Kd8 41.
Rb3 Bc1 42. Rd3 Kc7 43. c5 dxc5 44. Rc3 Bd2 45. Rxc5+ Kd6 46. Rd5+ Kc7 47. Rc5+
Kb8 48. Rxg5 Bxe3 49. Rg8+ Kc7 50. d5 Kd6 51. g5 Rf2+ 52. Kh1 Rf4 53. g6 Rf1+
54. Kh2 Rf2+ 55. Kh1 Rf1+ 1/2-1/2

[Event "Portugal tch 2012 - Fase final"]
[Site "Matosinhos POR"]
[Date "2012.06.25"]
[Round "5.3"]
[White "Andres Gonzalez, Ivan"]
[Black "Hoffmann, Michael"]
[Result "1/2-1/2"]
[WhiteElo "2324"]
[BlackElo "2482"]
[PlyCount "85"]
[EventDate "2012.07.21"]
[EventType "team"]
[EventRounds "9"]
[EventCountry "POR"]
[Source "lmi"]
[SourceDate "2012.07.21"]

1. Nf3 Nf6 2. c4 c5 3. g3 b6 4. Bg2 Bb7 5. O-O e6 6. Nc3 d6 7. d4 cxd4 8. Qxd4
a6 9. Rd1 Nbd7 10. b3 Be7 11. Bb2 O-O 12. h3 Qc7 13. Rac1 Rac8 14. Qe3 Rfe8 15.
Ne1 Bxg2 16. Nxg2 Qb8 17. Qd4 Bf8 18. Ne3 b5 19. Ne4 Nxe4 20. Qxe4 bxc4 21.
Rxc4 d5 22. Rxc8 Rxc8 23. Qd4 Qb5 24. Qd3 Qa5 25. a3 Rc6 26. Ng4 h5 27. Ne3 Qc7
28. b4 Bd6 29. Kg2 Be5 30. Qb3 Bxb2 31. Qxb2 Nb6 32. Rd3 Na4 33. Qd2 Nc3 34. f3
Qe5 35. h4 g6 36. Kf2 Qf6 37. Kg2 Na4 38. Qa2 Rc1 39. Qb3 Nb2 40. Rd2 Nc4 41.
Nxc4 Rxc4 42. Qb2 d4 43. b5 1/2-1/2

[Event "Portugal tch 2012 - Fase final"]
[Site "Matosinhos POR"]
[Date "2012.06.25"]
[Round "5.3"]
[White "Hammes, Michael"]
[Black "Diogo, Vasco"]
[Result "1/2-1/2"]
[WhiteElo "2377"]
[BlackElo "2261"]
[PlyCount "110"]
[EventDate "2012.07.21"]
[EventType "team"]
[EventRounds "9"]
[EventCountry "POR"]
[Source "lmi"]
[SourceDate "2012.07.21"]

1. d4 d5 2. c4 c6 3. e3 Nf6 4. Nf3 a6 5. Nc3 b5 6. c5 Bg4 7. h3 Bxf3 8. gxf3 e5
9. dxe5 Nfd7 10. f4 Nxc5 11. Bg2 Be7 12. O-O O-O 13. e4 d4 14. Ne2 d3 15. Ng3
Nbd7 16. Be3 Re8 17. Rc1 a5 18. f5 Bf8 19. f4 Qh4 20. Kh2 Rad8 21. Qd2 b4 22.
b3 a4 23. bxa4 Nxa4 24. Rxc6 Nc3 25. Rf2 Nb8 26. Rc4 Nb5 27. Bf1 Rd7 28. Rg2
Na3 29. Rc1 Qd8 30. Qd1 Nc2 31. Rcxc2 dxc2 32. Qxc2 Rc7 33. Qf2 Rc3 34. Bb5 Nc6
35. Nh5 Kh8 36. Qg3 g6 37. Nf6 Re7 38. Nd5 Nd4 39. Nxc3 bxc3 40. Ba4 Rb7 41. e6
fxe6 42. fxg6 Rg7 43. Qf2 e5 44. fxe5 Bc5 45. gxh7 Kxh7 46. Rxg7+ Kxg7 47. Qf6+
Qxf6 48. exf6+ Kxf6 49. Bxd4+ Bxd4 50. Kg2 Kg5 51. Bc2 Kf4 52. a4 Ke3 53. e5
Bxe5 54. a5 Kf4 55. a6 Bd4 1/2-1/2

[Event "Portugal tch 2012 - Fase final"]
[Site "Matosinhos POR"]
[Date "2012.06.25"]
[Round "5.3"]
[White "Rodrigues, Afonso"]
[Black "Swinkels, Robin"]
[Result "0-1"]
[WhiteElo "2167"]
[BlackElo "2485"]
[PlyCount "46"]
[EventDate "2012.07.21"]
[EventType "team"]
[EventRounds "9"]
[EventCountry "POR"]
[Source "lmi"]
[SourceDate "2012.07.21"]

1. d4 Nf6 2. Bf4 e6 3. e3 c5 4. c3 b6 5. Nf3 Bb7 6. Nbd2 Be7 7. h3 O-O 8. Bd3
d6 9. O-O Nbd7 10. Bh2 Re8 11. a4 a6 12. b4 e5 13. Qb1 Bf8 14. Ng5 g6 15. f4 e4
16. Ndxe4 Nxe4 17. Nxe4 c4 18. Bc2 f5 19. Nd2 Rxe3 20. Re1 Qe7 21. Rf1 Qd8 22.
Re1 Qe7 23. Nf1 Re2 0-1

[Event "Portugal tch 2012 - Fase final"]
[Site "Matosinhos POR"]
[Date "2012.06.25"]
[Round "5.4"]
[White "Gonzalez Perez, Arian"]
[Black "Garcia - Ortega Mendez, Jose M"]
[Result "1-0"]
[WhiteElo "2452"]
[BlackElo "2328"]
[PlyCount "81"]
[EventDate "2012.07.21"]
[EventType "team"]
[EventRounds "9"]
[EventCountry "POR"]
[Source "lmi"]
[SourceDate "2012.07.21"]

1. e4 e5 2. Nf3 Nc6 3. Bb5 a6 4. Ba4 Nf6 5. O-O Be7 6. Re1 b5 7. Bb3 d6 8. c3
O-O 9. h3 Na5 10. Bc2 c5 11. d4 Qc7 12. Nbd2 cxd4 13. cxd4 Nc6 14. Nb3 a5 15.
Be3 a4 16. Nbd2 Bd7 17. Rc1 Qb7 18. Qe2 Rfe8 19. a3 Bd8 20. Bd3 Rb8 21. dxe5
Nxe5 22. Nxe5 dxe5 23. Rc2 Bb6 24. Rec1 h6 25. Nf3 Nxe4 26. Bxb6 Ng3 27. fxg3
Qxb6+ 28. Kh2 e4 29. Bxe4 Bf5 30. Bxf5 Rxe2 31. Rxe2 g6 32. Bb1 Qf6 33. Ba2 Rb7
34. Ne5 Kg7 35. Rce1 h5 36. h4 Kh6 37. Re4 Qg7 38. R1e2 Qf8 39. Nf3 f6 40. Re8
Qg7 41. Rg8 1-0

[Event "Portugal tch 2012 - Fase final"]
[Site "Matosinhos POR"]
[Date "2012.06.25"]
[Round "5.4"]
[White "Cabezas Ayala, Iván"]
[Black "Ferreira, Jorge"]
[Result "1/2-1/2"]
[WhiteElo "2310"]
[BlackElo "2338"]
[PlyCount "55"]
[EventDate "2012.07.21"]
[EventType "team"]
[EventRounds "9"]
[EventCountry "POR"]
[Source "lmi"]
[SourceDate "2012.07.21"]

1. e4 c6 2. d4 d5 3. exd5 cxd5 4. c4 Nf6 5. Nc3 Nc6 6. Nf3 Bg4 7. cxd5 Nxd5 8.
Qb3 Bxf3 9. gxf3 e6 10. Qxb7 Nxd4 11. Bb5+ Nxb5 12. Qc6+ Ke7 13. Qxb5 Nxc3 14.
bxc3 Rb8 15. Qc5+ Ke8 16. Qxa7 Bd6 17. Qd4 Qc7 18. Ba3 Bxa3 19. Qa4+ Ke7 20.
Qxa3+ Kf6 21. O-O Rb5 22. Rfd1 Rg5+ 23. Kh1 Qf4 24. c4 Rh5 25. Qc3+ Ke7 26.
Qa3+ Kf6 27. Qc3+ Ke7 28. Qa3+ 1/2-1/2

[Event "Portugal tch 2012 - Fase final"]
[Site "Matosinhos POR"]
[Date "2012.06.25"]
[Round "5.4"]
[White "Padeiro, José"]
[Black "Neves, Pedro"]
[Result "1-0"]
[WhiteElo "2354"]
[BlackElo "2244"]
[PlyCount "57"]
[EventDate "2012.07.21"]
[EventType "team"]
[EventRounds "9"]
[EventCountry "POR"]
[Source "lmi"]
[SourceDate "2012.07.21"]

1. e4 c5 2. Nf3 e6 3. d4 cxd4 4. Nxd4 a6 5. Bd3 Bc5 6. Nb3 Be7 7. O-O Qc7 8. f4
d6 9. Kh1 Bf6 10. c3 Nd7 11. N1d2 Ne7 12. Qf3 Nc6 13. e5 dxe5 14. Ne4 Ra7 15.
f5 exf5 16. Qxf5 h6 17. Qg4 Kf8 18. Qg3 b6 19. Be3 Nd8 20. a4 a5 21. Rf2 Ba6
22. Bxa6 Rxa6 23. Nd4 Qb8 24. Nf5 Ne6 25. Rd1 Ra7 26. Nxf6 Nxf6 27. Qh4 Rd7 28.
Rxd7 Nxd7 29. Qe7+ 1-0

[Event "Portugal tch 2012 - Fase final"]
[Site "Matosinhos POR"]
[Date "2012.06.25"]
[Round "5.4"]
[White "Cruz, Jorge"]
[Black "Rubio Mejía, Luis"]
[Result "0-1"]
[WhiteElo "2082"]
[BlackElo "2428"]
[PlyCount "72"]
[EventDate "2012.07.21"]
[EventType "team"]
[EventRounds "9"]
[EventCountry "POR"]
[Source "lmi"]
[SourceDate "2012.07.21"]

1. e4 c5 2. Nf3 d6 3. Bb5+ Nd7 4. O-O Ngf6 5. Re1 a6 6. Bxd7+ Nxd7 7. d4 e6 8.
c4 Be7 9. Nc3 cxd4 10. Nxd4 O-O 11. Be3 Qc7 12. Rc1 b6 13. f3 Bb7 14. Re2 Rac8
15. b3 Rfe8 16. Rec2 Qb8 17. Nde2 Ba8 18. a4 Bd8 19. Rd2 Bc7 20. Bf4 Ne5 21.
Nd4 d5 22. Bxe5 Bxe5 23. g3 dxc4 24. f4 Bf6 25. b4 e5 26. Nf5 exf4 27. Nd6 fxg3
28. Nxe8 Rxe8 29. Nd5 Bxd5 30. Rxd5 Qf4 31. hxg3 Qxg3+ 32. Kh1 Qh3+ 33. Kg1
Qe3+ 34. Kf1 Qxe4 35. Rc2 Qh1+ 36. Kf2 Bh4# 0-1

[Event "Portugal tch 2012 - Fase final"]
[Site "Matosinhos POR"]
[Date "2012.06.25"]
[Round "5.5"]
[White "Spraggett, Kevin"]
[Black "Strikovic, Aleksa"]
[Result "1-0"]
[WhiteElo "2595"]
[BlackElo "2559"]
[PlyCount "69"]
[EventDate "2012.07.21"]
[EventType "team"]
[EventRounds "9"]
[EventCountry "POR"]
[Source "lmi"]
[SourceDate "2012.07.21"]

1. c4 e5 2. Nc3 d6 3. g3 g6 4. Bg2 Bg7 5. d3 f5 6. e3 Nf6 7. Nge2 O-O 8. O-O c6
9. b3 Be6 10. Ba3 Re8 11. Rc1 Bf7 12. Qd2 Na6 13. e4 Nc5 14. b4 Ne6 15. exf5
gxf5 16. b5 Qd7 17. bxc6 bxc6 18. f4 Bh6 19. Kh1 d5 20. cxd5 cxd5 21. Nd1 exf4
22. gxf4 d4 23. Bc6 Qd8 24. Ng3 Ng7 25. Bxa8 Qxa8+ 26. Kg1 Ng4 27. Rc7 Qd5 28.
Rc5 Qd7 29. Qa5 Ne3 30. Nxe3 dxe3 31. Re5 Qxd3 32. Rxe8+ Bxe8 33. Qc5 Ne6 34.
Qe5 Ng7 35. Qe7 1-0

[Event "Portugal tch 2012 - Fase final"]
[Site "Matosinhos POR"]
[Date "2012.06.25"]
[Round "5.5"]
[White "Galego, Luis"]
[Black "Luch, Michal"]
[Result "1/2-1/2"]
[WhiteElo "2495"]
[BlackElo "2426"]
[PlyCount "63"]
[EventDate "2012.07.21"]
[EventType "team"]
[EventRounds "9"]
[EventCountry "POR"]
[Source "lmi"]
[SourceDate "2012.07.21"]

1. e4 e5 2. Nf3 Nc6 3. Bc4 Bc5 4. c3 Nf6 5. O-O Nxe4 6. Qe2 d5 7. Bb5 O-O 8. d3
Nd6 9. Bxc6 bxc6 10. Nxe5 Re8 11. d4 Bb6 12. Be3 c5 13. Qf3 Nf5 14. Nxf7 Qe7
15. Ne5 cxd4 16. cxd4 c5 17. Nc3 cxd4 18. Nxd5 Qxe5 19. Nxb6 axb6 20. Qxa8 dxe3
21. fxe3 Qxe3+ 22. Kh1 Nd6 23. Qd5+ Qe6 24. Qxe6+ Rxe6 25. Rae1 Rg6 26. Rf2 h5
27. h3 Bf5 28. Re5 Rf6 29. Kh2 Kf7 30. a4 Bd7 31. Rxf6+ Kxf6 32. Rd5 1/2-1/2

[Event "Portugal tch 2012 - Fase final"]
[Site "Matosinhos POR"]
[Date "2012.06.25"]
[Round "5.5"]
[White "Kolosowski, Mateusz"]
[Black "Fernando, Diogo"]
[Result "1/2-1/2"]
[WhiteElo "2413"]
[BlackElo "2469"]
[PlyCount "135"]
[EventDate "2012.07.21"]
[EventType "team"]
[EventRounds "9"]
[EventCountry "POR"]
[Source "lmi"]
[SourceDate "2012.07.21"]

1. d4 Nf6 2. c4 e6 3. g3 c5 4. Nf3 cxd4 5. Nxd4 Bb4+ 6. Bd2 Qb6 7. Bxb4 Qxb4+
8. Nc3 O-O 9. Qb3 Qa5 10. Bg2 Nc6 11. Rd1 d5 12. cxd5 Nxd5 13. Bxd5 exd5 14.
Qxd5 Qb4 15. Rd2 Bh3 16. Qb5 Qe7 17. Nf5 Qe6 18. Ne3 Rad8 19. Ncd5 Qe4 20. f3
Qb1+ 21. Rd1 Qxa2 22. g4 a6 23. Qxb7 Ne5 24. Qc7 Rxd5 25. Rxd5 Ng6 26. Kf2 Qxb2
27. Rd8 h6 28. Rxf8+ Nxf8 29. Qg3 Ne6 30. Qxh3 Nf4 31. Qf1 Nd3+ 32. Kg3 Nf4 33.
Kxf4 Qb8+ 34. Ke4 Qb4+ 35. Kd3 Qb3+ 36. Kd2 Qb4+ 37. Kc2 Qa4+ 38. Kc1 Qa3+ 39.
Kd1 Qa1+ 40. Kd2 Qa5+ 41. Kd3 Qa3+ 42. Kd4 Qb2+ 43. Kc4 Qb5+ 44. Kc3 Qa5+ 45.
Kb3 Qb5+ 46. Kc2 Qa4+ 47. Kb2 Qb4+ 48. Ka2 Qa4+ 49. Kb1 Qb3+ 50. Kc1 Qa3+ 51.
Kd2 Qa5+ 52. Kd3 Qa3+ 53. Kd4 Qb2+ 54. Ke4 Qb4+ 55. Nc4 Qxc4+ 56. Ke3 Qc5+ 57.
Kd2 Qb4+ 58. Kc1 Qa3+ 59. Kd1 Qa1+ 60. Kd2 Qa5+ 61. Kd3 Qa3+ 62. Ke4 Qb4+ 63.
Ke3 Qc5+ 64. Kd2 Qb4+ 65. Kd3 Qa3+ 66. Kc2 Qa2+ 67. Kd1 Qb1+ 68. Kd2 1/2-1/2

[Event "Portugal tch 2012 - Fase final"]
[Site "Matosinhos POR"]
[Date "2012.06.25"]
[Round "5.5"]
[White "Vassallo Barroche, Maurício"]
[Black "Butkiewicz, Lukasz"]
[Result "1-0"]
[WhiteElo "2433"]
[BlackElo "2402"]
[PlyCount "115"]
[EventDate "2012.07.21"]
[EventType "team"]
[EventRounds "9"]
[EventCountry "POR"]
[Source "lmi"]
[SourceDate "2012.07.21"]

1. Nf3 c5 2. c4 Nc6 3. Nc3 e5 4. e3 f5 5. d4 e4 6. d5 exf3 7. dxc6 dxc6 8.
Qxd8+ Kxd8 9. gxf3 Nf6 10. b3 Be7 11. Bb2 Be6 12. Rg1 g6 13. Ne2 Ke8 14. Nf4
Kf7 15. Nd3 Rhd8 16. Ne5+ Kf8 17. Be2 Nd7 18. Nd3 Kf7 19. O-O-O Rac8 20. Nf4
Bf6 21. h4 Bxb2+ 22. Kxb2 Ne5 23. Kc3 Kf6 24. Nd3 Nxd3 25. Rxd3 Rxd3+ 26. Bxd3
a6 27. a4 b6 28. f4 Rb8 29. Be2 b5 30. a5 bxc4 31. Bxc4 Bxc4 32. bxc4 Rb4 33.
Rd1 Ke7 34. h5 gxh5 35. Rh1 Kf6 36. Rxh5 Kg6 37. Rg5+ Kf6 38. e4 fxe4 39. Rxc5
Ra4 40. Kd4 Ke7 41. Rxc6 Rxa5 42. Rc7+ Kf6 43. Rxh7 Ra2 44. Kxe4 a5 45. Ra7 Rc2
46. Ra6+ Ke7 47. Kd5 Rxf2 48. Ra7+ Kd8 49. Ke5 Rc2 50. c5 Re2+ 51. Kd6 Rd2+ 52.
Kc6 Rf2 53. Rxa5 Rxf4 54. Ra8+ Ke7 55. Kc7 Rc4 56. c6 Ke6 57. Ra1 Kd5 58. Kd7
1-0

[Event "Portugal tch 2012 - Fase final"]
[Site "Matosinhos POR"]
[Date "2012.07.26"]
[Round "6.1"]
[White "Rocha, Sérgio"]
[Black "Strikovic, Aleksa"]
[Result "0-1"]
[WhiteElo "2404"]
[BlackElo "2559"]
[PlyCount "60"]
[EventDate "2012.07.21"]
[EventType "team"]
[EventRounds "9"]
[EventCountry "POR"]
[Source "lmi"]
[SourceDate "2012.07.21"]

1. c4 e5 2. Nc3 d6 3. g3 g6 4. d4 Nc6 5. Nf3 Bg7 6. d5 Nce7 7. e4 f5 8. exf5
gxf5 9. Bg2 Nf6 10. O-O O-O 11. Ng5 c6 12. Re1 h6 13. Ne6 Bxe6 14. dxe6 Ne8 15.
g4 Nc7 16. gxf5 Nxf5 17. Qb3 Nd4 18. Qxb7 Ncxe6 19. Be3 Nc5 20. Qb4 Nc2 21.
Bxc5 Nxb4 22. Bxb4 Rb8 23. Ba3 e4 24. Rad1 Bxc3 25. bxc3 Qf6 26. Re2 c5 27.
Bxe4 Rbe8 28. f3 Kh8 29. Bc1 Rxe4 30. Rxe4 Qxf3 0-1

[Event "Portugal tch 2012 - Fase final"]
[Site "Matosinhos POR"]
[Date "2012.07.26"]
[Round "6.1"]
[White "Galego, Luis"]
[Black "Damaso, Rui"]
[Result "1/2-1/2"]
[WhiteElo "2495"]
[BlackElo "2365"]
[PlyCount "80"]
[EventDate "2012.07.21"]
[EventType "team"]
[EventRounds "9"]
[EventCountry "POR"]
[Source "lmi"]
[SourceDate "2012.07.21"]

1. e4 c5 2. Nf3 d6 3. g3 Nc6 4. Bg2 Nf6 5. d3 g6 6. O-O Bg7 7. Nc3 O-O 8. h3
Rb8 9. a4 a6 10. Bg5 b5 11. axb5 axb5 12. Qd2 b4 13. Ne2 Bb7 14. Bh6 Ra8 15.
Qg5 c4 16. Bxg7 Kxg7 17. Qb5 cxd3 18. cxd3 Qd7 19. Qb6 Rxa1 20. Rxa1 Ra8 21.
Rxa8 Bxa8 22. Nfd4 Nxd4 23. Qxd4 Qa4 24. f4 Qd1+ 25. Kf2 Qd2 26. Bf3 e5 27.
Qxd6 exf4 28. Qxf4 Qxd3 29. e5 Ne4+ 30. Bxe4 Bxe4 31. Qf6+ Kg8 32. e6 fxe6 33.
Qxe6+ Kf8 34. Qe5 Qf3+ 35. Ke1 Bd3 36. Nd4 Qe4+ 37. Qxe4 Bxe4 38. Ne6+ Ke7 39.
Ng5 Bf5 40. Nxh7 Bd3 1/2-1/2

[Event "Portugal tch 2012 - Fase final"]
[Site "Matosinhos POR"]
[Date "2012.07.26"]
[Round "6.1"]
[White "Ulyanovskyy, Viktor"]
[Black "Fernando, Diogo"]
[Result "0-1"]
[WhiteElo "2290"]
[BlackElo "2469"]
[PlyCount "104"]
[EventDate "2012.07.21"]
[EventType "team"]
[EventRounds "9"]
[EventCountry "POR"]
[Source "lmi"]
[SourceDate "2012.07.21"]

1. e4 c5 2. Nf3 d6 3. b3 Nf6 4. d3 g6 5. Bb2 Bg7 6. g3 O-O 7. Bg2 Nc6 8. O-O
Bg4 9. h3 Bxf3 10. Bxf3 Rc8 11. Nd2 b5 12. a4 b4 13. Re1 Nd7 14. Bxg7 Kxg7 15.
Bg4 e6 16. f4 Nd4 17. Nc4 Nb6 18. Ne3 a5 19. h4 f5 20. Bf3 e5 21. Ng2 Nd7 22.
exf5 gxf5 23. Kh2 Kh8 24. Rf1 Rc7 25. Qd2 Nf6 26. Rae1 Rg7 27. Bd1 Rfg8 28. Qf2
e4 29. Ne3 d5 30. Rg1 Re8 31. Kh3 Qd7 32. Kh2 Reg8 33. Rg2 Qd6 34. Kh1 h5 35.
Rgg1 Re8 36. Rgf1 Rge7 37. Qd2 Kh7 38. Qf2 Ng4 39. Nxg4 hxg4 40. dxe4 Rxe4 41.
Rxe4 Rxe4 42. Re1 Qe6 43. Rxe4 Qxe4+ 44. Kh2 Kg6 45. Qd2 Kh5 46. Kg1 Nf3+ 47.
Bxf3 gxf3 48. Kf2 Kg4 49. Qd3 Qxd3 50. cxd3 c4 51. dxc4 dxc4 52. h5 Kxh5 0-1

[Event "Portugal tch 2012 - Fase final"]
[Site "Matosinhos POR"]
[Date "2012.07.26"]
[Round "6.1"]
[White "Vassallo Barroche, Maurício"]
[Black "Ulyanovskyy, Volodimir"]
[Result "1-0"]
[WhiteElo "2433"]
[BlackElo "2073"]
[PlyCount "97"]
[EventDate "2012.07.21"]
[EventType "team"]
[EventRounds "9"]
[EventCountry "POR"]
[Source "lmi"]
[SourceDate "2012.07.21"]

1. Nf3 c5 2. c4 Nc6 3. Nc3 g6 4. e3 Bg7 5. d4 cxd4 6. exd4 d6 7. h3 Bd7 8. Be3
Nh6 9. g4 f5 10. g5 Nf7 11. d5 Nb4 12. a3 Na6 13. h4 Nc7 14. Be2 e5 15. dxe6
Nxe6 16. Nd5 Bc6 17. Qd2 Nc5 18. Rd1 Ne4 19. Qb4 O-O 20. Bd4 Bxd5 21. cxd5 Qe7
22. Bxg7 Kxg7 23. Nd4 Nd8 24. f3 Ng3 25. Rg1 f4 26. Qc3 Kg8 27. Kf2 Nf5 28.
Nxf5 Rxf5 29. Rge1 Nf7 30. Bf1 Re5 31. Bh3 Rxe1 32. Rxe1 Ne5 33. Be6+ Kh8 34.
Re4 Rf8 35. Rc4 h6 36. Rc7 Qd8 37. Rc8 Qe7 38. Rxf8+ Qxf8 39. Qc7 hxg5 40. hxg5
Qg7 41. Qxd6 Kh7 42. Qd8 Nd3+ 43. Kf1 Nc5 44. Qf6 b6 45. Kg2 Nb7 46. Kh3 Nd6
47. Kg4 Qc7 48. Qxf4 Qc5 49. Qh2+ 1-0

[Event "Portugal tch 2012 - Fase final"]
[Site "Matosinhos POR"]
[Date "2012.07.26"]
[Round "6.2"]
[White "Garcia - Ortega Mendez, Jose M"]
[Black "Spraggett, Kevin"]
[Result "1/2-1/2"]
[WhiteElo "2328"]
[BlackElo "2595"]
[PlyCount "65"]
[EventDate "2012.07.21"]
[EventType "team"]
[EventRounds "9"]
[EventCountry "POR"]
[Source "lmi"]
[SourceDate "2012.07.21"]

1. Nf3 Nf6 2. d4 e6 3. c4 Bb4+ 4. Bd2 c5 5. g3 O-O 6. Bg2 Qb6 7. O-O Nc6 8. Be3
cxd4 9. Bxd4 Nxd4 10. Nxd4 Be7 11. b3 Qa5 12. a3 d5 13. cxd5 Nxd5 14. e3 Rd8
15. Nd2 e5 16. Nc4 Qc5 17. Nxe5 Nxe3 18. fxe3 Qxe5 19. Qf3 Bf6 20. Kh1 Rb8 21.
Rac1 Bd7 22. b4 Re8 23. Nf5 Bxf5 24. Qxf5 Qxf5 25. Rxf5 Rxe3 26. Bxb7 Rxa3 27.
Ra5 Bb2 28. Rc2 Rc3 29. Rxc3 Bxc3 30. Rxa7 Bxb4 31. Ra8 Rxa8 32. Bxa8 f5 33.
Kg2 1/2-1/2

[Event "Portugal tch 2012 - Fase final"]
[Site "Matosinhos POR"]
[Date "2012.07.26"]
[Round "6.2"]
[White "Luch, Michal"]
[Black "Cabezas Ayala, Iván"]
[Result "1/2-1/2"]
[WhiteElo "2426"]
[BlackElo "2310"]
[PlyCount "29"]
[EventDate "2012.07.21"]
[EventType "team"]
[EventRounds "9"]
[EventCountry "POR"]
[Source "lmi"]
[SourceDate "2012.07.21"]

1. Nc3 Nf6 2. e4 e5 3. Nf3 Nc6 4. a3 Be7 5. d4 d6 6. d5 Nb8 7. h3 c6 8. Bc4 O-O
9. Qe2 Nbd7 10. dxc6 bxc6 11. O-O a5 12. Rd1 Qc7 13. Bg5 Nb6 14. Ba2 h6 15.
Bxf6 1/2-1/2

[Event "Portugal tch 2012 - Fase final"]
[Site "Matosinhos POR"]
[Date "2012.07.26"]
[Round "6.2"]
[White "Neves, Pedro"]
[Black "Kolosowski, Mateusz"]
[Result "0-1"]
[WhiteElo "2244"]
[BlackElo "2413"]
[PlyCount "57"]
[EventDate "2012.07.21"]
[EventType "team"]
[EventRounds "9"]
[EventCountry "POR"]
[Source "lmi"]
[SourceDate "2012.07.21"]

1. Nf3 Nf6 2. g3 g6 3. Bg2 Bg7 4. O-O d5 5. c4 dxc4 6. Na3 Be6 7. Ne5 Bd5 8.
Nexc4 Bxg2 9. Kxg2 Qd5+ 10. Kg1 Nc6 11. d3 O-O-O 12. Rb1 h5 13. f3 Qe6 14. b4
Nd5 15. Bd2 h4 16. g4 f5 17. b5 Ne5 18. e4 fxe4 19. fxe4 Nb6 20. Nxe5 Bxe5 21.
Rb3 h3 22. Kh1 Rhf8 23. Rxf8 Rxf8 24. Be3 Nd5 25. d4 Nxe3 26. Rxe3 Bxd4 27. Re1
Bf2 28. Re3 Be1 29. Rxe1 0-1

[Event "Portugal tch 2012 - Fase final"]
[Site "Matosinhos POR"]
[Date "2012.07.26"]
[Round "6.2"]
[White "Taboas Rodriguez, Daniel"]
[Black "Cruz, Jorge"]
[Result "1-0"]
[WhiteElo "2401"]
[BlackElo "2082"]
[PlyCount "45"]
[EventDate "2012.07.21"]
[EventType "team"]
[EventRounds "9"]
[EventCountry "POR"]
[Source "lmi"]
[SourceDate "2012.07.21"]

1. d4 d5 2. Nf3 Nf6 3. c4 e6 4. Nc3 Be7 5. Bg5 O-O 6. e3 Nbd7 7. Rc1 c6 8. Bd3
dxc4 9. Bxc4 Nd5 10. Bxe7 Qxe7 11. O-O Nxc3 12. Rxc3 e5 13. Qc2 e4 14. Nd2 Nf6
15. Bb3 Rd8 16. Rc5 Nd7 17. Rf5 Nf6 18. Re5 Qc7 19. h3 Bxh3 20. gxh3 Qc8 21.
Kg2 Rd6 22. Nxe4 Nxe4 23. Qxe4 1-0

[Event "Portugal tch 2012 - Fase final"]
[Site "Matosinhos POR"]
[Date "2012.07.26"]
[Round "6.3"]
[White "Alvarez Fernandez, Enrique"]
[Black "Gonzalez Perez, Arian"]
[Result "0-1"]
[WhiteElo "2369"]
[BlackElo "2452"]
[PlyCount "94"]
[EventDate "2012.07.21"]
[EventType "team"]
[EventRounds "9"]
[EventCountry "POR"]
[Source "lmi"]
[SourceDate "2012.07.21"]

1. d4 Nf6 2. Nf3 c5 3. dxc5 e6 4. e3 Bxc5 5. c4 O-O 6. a3 b6 7. Be2 Bb7 8. O-O
a5 9. Nc3 Na6 10. b3 Be7 11. Bb2 Nc5 12. Nd4 d5 13. cxd5 Nxd5 14. Nxd5 Bxd5 15.
Bf3 Bf6 16. b4 axb4 17. axb4 Rxa1 18. Bxa1 Ne4 19. Qd3 Qa8 20. Rc1 Rc8 21.
Rxc8+ Qxc8 22. Qc2 Qa8 23. Bb2 h6 24. h3 Nd6 25. Bxd5 Qxd5 26. Qc1 Nc4 27. Bc3
Bxd4 28. Bxd4 e5 29. Bc3 Qd3 30. Qa1 f6 31. Qa8+ Kh7 32. Qa1 Qc2 33. Qe1 b5 34.
Kh2 Kg6 35. Kh1 Na3 36. Qd2 Qxd2 37. Bxd2 Kf5 38. f3 e4 39. g4+ Ke5 40. Kg2 Kd5
41. h4 Nc2 42. Kf2 Kc4 43. fxe4 Nxb4 44. Ke2 Nd3 45. Ba5 b4 46. Kd2 Nf2 47. e5
fxe5 0-1

[Event "Portugal tch 2012 - Fase final"]
[Site "Matosinhos POR"]
[Date "2012.07.26"]
[Round "6.3"]
[White "Ferreira, Jorge"]
[Black "Andres Gonzalez, Ivan"]
[Result "1/2-1/2"]
[WhiteElo "2338"]
[BlackElo "2324"]
[PlyCount "41"]
[EventDate "2012.07.21"]
[EventType "team"]
[EventRounds "9"]
[EventCountry "POR"]
[Source "lmi"]
[SourceDate "2012.07.21"]

1. c4 Nf6 2. g3 g6 3. Bg2 Bg7 4. Nf3 O-O 5. O-O d6 6. d4 Nc6 7. d5 Na5 8. Qa4
c5 9. Bd2 b6 10. Bc3 a6 11. Nbd2 Nb7 12. Qc2 b5 13. b3 Ra7 14. e4 e5 15. dxe6
Bxe6 16. Rad1 Nd7 17. Rfe1 Ne5 18. Nxe5 dxe5 19. Nf1 Qb8 20. Ne3 b4 21. Bb2
1/2-1/2

[Event "Portugal tch 2012 - Fase final"]
[Site "Matosinhos POR"]
[Date "2012.07.26"]
[Round "6.3"]
[White "Diogo, Vasco"]
[Black "Padeiro, José"]
[Result "0-1"]
[WhiteElo "2261"]
[BlackElo "2354"]
[PlyCount "150"]
[EventDate "2012.07.21"]
[EventType "team"]
[EventRounds "9"]
[EventCountry "POR"]
[Source "lmi"]
[SourceDate "2012.07.21"]

1. d4 Nf6 2. Nf3 e6 3. Bf4 b6 4. e3 Bb7 5. Be2 Ne4 6. Nbd2 Nxd2 7. Qxd2 Be7 8.
c3 d6 9. Qc2 c5 10. dxc5 bxc5 11. Rd1 Qb6 12. O-O Nd7 13. e4 O-O 14. Nd2 e5 15.
Be3 Rad8 16. Nc4 Qc7 17. f3 f5 18. exf5 d5 19. Nd2 c4 20. Bxa7 Ra8 21. Bf2 Rxa2
22. Ra1 Rxa1 23. Rxa1 Bc5 24. b3 cxb3 25. Nxb3 Bxf2+ 26. Kxf2 Rc8 27. Rc1 Nf6
28. Kg1 Qb6+ 29. Kf1 Ba6 30. Nd2 Bxe2+ 31. Kxe2 Kh8 32. Qd3 e4 33. fxe4 dxe4
34. Qe3 Qb5+ 35. c4 Qxf5 36. h3 h6 37. Rb1 Rd8 38. Rb5 Qg6 39. g4 Rd3 40. Rb8+
Kh7 41. Qf4 Rxh3 42. Qf5 Rh2+ 43. Ke1 Qxf5 44. gxf5 Rh3 45. Rb3 Rxb3 46. Nxb3
h5 47. Nd4 h4 48. c5 Nd5 49. Ne6 Kh6 50. c6 h3 51. Kf1 e3 52. Nd4 Kg5 53. Kg1
Kf6 54. Kh2 Ke5 55. Ne2 Kxf5 56. Kxh3 Ke5 57. Kg4 Kd6 58. Kf5 Kxc6 59. Kg6 Kc5
60. Kxg7 Kc4 61. Kg6 Kd3 62. Ng3 Nc3 63. Kf5 Ne4 64. Nh5 Kd2 65. Nf4 Nf2 66.
Kg5 Nd3 67. Ng2 e2 68. Kg4 Ne5+ 69. Kf4 Nc4 70. Nh4 Kd1 71. Ng2 Kd2 72. Nh4 Nb2
73. Nf3+ Kd1 74. Ke3 Nc4+ 75. Kf2 Nd2 0-1